Africa Non-Capital Cities Map Quiz - Statistics

General Stats
  • This quiz has been taken 180 times
  • The average score is 17 of 30
Answers on the Map
Answers color-coded by a green-red scale on the quiz's map according to % correct below.
 
Answer Stats
Answer % Correct
Alexandria
93%
Dar es Salaam
86%
Casablanca
81%
Marrakech
81%
Port Elizabeth
81%
Fes
80%
Mombasa
80%
Johannesburg
79%
Abidjan
78%
Tangier
78%
Oran
76%
Cotonou
74%
Douala
74%
Kano
70%
Durban
69%
Lubumbashi
66%
Lagos
62%
Kumasi
57%
Benin City
45%
Ibadan
41%
Mbuji-Mayi
41%
Pointe Noire
41%
Port Harcourt
41%
Mwanza
35%
Kaduna
32%
Kisangani
29%
Kananga
15%
Onitsha
12%
Uyo
12%
Aba
7%
No matching quizzes found
Score Distribution
Percent of People with Each Score
Percentile by Number Answered
Your Score History
You have not taken this quiz